Statistics for Every Major US Conflict

Click here to take the quiz!

General Stats

  • This quiz has been taken 35 times
    (19 since last reset)
  • The average score is 9 of 11

Answer Stats

HintAnswer% Correct
A conflict that was the north half of America versus the south side of America that was over slavery. It began on April 12th, 1861, and ended on April 9th, 1865.Civil War / American Civil War
100%
This conflict took place in upper Asia that was caused from years of tension between 2 countries, North Korea and South Korea. It took place from June 15, 1950, and ended on July 27, 1953.Korean War
100%
This conflict also took place in southeast Asia, except it was fought on the mainland, spanning from Vietnam, Laos, and Cambodia, though the main conflict was in Vietnam. It took place from November 1st, 1955, and ended on April 30th, 1975.Vietnam War
95%
One of the bloodiest conflicts that spanned the whole world, not just the US. It began on July 28th, 1914 and ended on November 11th, 1918.World War 1 / WWI / Great War
95%
A big conflict that acted like the second half of the other big conflict, being bloodier and having more of a toll on the US. It began on September 1st, 1939 and ended on September 2nd, 1945.World War 2 / WWII
95%
Though not being violent, this conflict had a lot of espionage and geopolitical tension, causing some conflicts to happen. It was between Russia and the USA. It started on March 12th, 1949, and ended on December 26th, 1991.Cold War
89%
This conflict is what USA is fighting in the Middle East against terrorists, aiming to get rid of all terror and terrorists. It started September 11th, 2001 and is still going on today.War on Terror
89%
A conflict that pitted the USA versus the British due to the British imprisoning american sailors. It began on June 18th, 1812, and ended on February 18th, 1815.War of 1812
84%
A conflict that was between Mexico and America that was for most of the USA territory it has today. It began on April 25, 1846 and ended on February 2nd, 1848.Mexican American War
74%
The Conflict that created the USA. It began on April 19th, 1775, and ended on September 3rd, 1783.War of Independence / American Revolution / Independence War
74%
A conflict that was in the Philippines. It started in 1899 and ended on July 4th, 1902.Philippine American War / Filipino American War
37%

Score Distribution

Percentile by Number Answered

Percent of People with Each Score

Your Score History

You have not taken this quiz since the last reset